Problemas argentinos y sus soluciones (Registro nro. 6576)

Detalles MARC
000 -LEADER
fixed length control field 01621 a2200265 4500
001 - CONTROL NUMBER
control field 59023
005 - DATE AND TIME OF LATEST TRANSACTION
control field 20260407155845.0
008 - FIXED-LENGTH DATA ELEMENTS--GENERAL INFORMATION
fixed length control field 260407a1975 arg spa d
003 - CONTROL NUMBER IDENTIFIER
control field AR-UNSa-BCEJYS
040 ## - CATALOGING SOURCE
Original cataloging agency AR-UNSa-BCEJYS
Language of cataloging spa
Transcribing agency AR-UNSa-BCEJYS
080 ## - UNIVERSAL DECIMAL CLASSIFICATION NUMBER
Universal Decimal Classification number 330.342.22
Common auxiliary subdivision Economía en desarrollo. Economía en industrialización<br/>
100 1# - MAIN ENTRY--PERSONAL NAME
Personal name Carranza, Enrique L.
245 10 - TITLE STATEMENT
Title Problemas argentinos y sus soluciones
264 #1 - PRODUCTION, PUBLICATION, DISTRIBUTION, MANUFACTURE, AND COPYRIGHT NOTICE
Place of production, publication, distribution, manufacture Buenos Aires :
Name of producer, publisher, distributor, manufacturer Pleamar
Date of production, publication, distribution, manufacture, or copyright notice 1975
300 ## - PHYSICAL DESCRIPTION
Extent 339 p.
Dimensions 20 cm.
505 ## - FORMATTED CONTENTS NOTE
Formatted contents note 1. Hacia el desarrollo de nuestra Marina Mercante de Ultramar, por el contraalmirante (RE) Enrique L. Carranza - 2. La industria siderúrgica en la Argentina, por el Teniente General (RE) Pedro F. Castiñeiras - 3. La cuestión agraria, por Federico A. M. Dozo - 4. La situación energética en la República Argentina, por el Profesor Servando R. M. Dozo - 5. Dependencia regional y planificación, por Rolando I. Gioja - 6. Nuestros recursos humanos, por el Teniente General (RE) Benjamín Rattenbach - 7. Juventud y madurez en la época actual, por el Teniente General (RE) Benjamín Rattenbach - 8. Nuestra planificación estatal, por el Teniente General (RE) Benjamín Rattenbach - 9. Los ferrocarriles argentinos en el desarrrollo nacional y la integración territorial, por el Licenciado Juan Alberto Roccatagliata.
590 ## - LOCAL NOTE (RLIN)
Local note niveau_biblio:m niveau_hierar:0
700 1# - ADDED ENTRY--PERSONAL NAME
Personal name Castiñeiras, Pedro P.
700 1# - ADDED ENTRY--PERSONAL NAME
Personal name Daus, Federico A.
700 1# - ADDED ENTRY--PERSONAL NAME
Personal name Dozo, Servando Ramón Manuel
700 1# - ADDED ENTRY--PERSONAL NAME
Personal name Gioja, Rolando I.
700 1# - ADDED ENTRY--PERSONAL NAME
Personal name Rattenbach, Benjamin
700 1# - ADDED ENTRY--PERSONAL NAME
Personal name Roccatagliata, Juan A.
942 ## - ADDED ENTRY ELEMENTS (KOHA)
Koha item type
Existencias
Withdrawn status Lost status Damaged status Not for loan Home library Current library Shelving location Date acquired Total checkouts Full call number Barcode Date last seen Price effective from Koha item type
        Biblioteca Prof. Eusebio Cleto del Rey Biblioteca Prof. Eusebio Cleto del Rey   07/04/2026   330.342.22 C311 L33489 07/04/2026 07/04/2026 Libro